Otras voces de la historia [ cd-rom] /
Guardado en:
| Autor Principal: | |
|---|---|
| Formato: | Libro |
| Publicado: |
Buenos Aires :
Memoria Abierta
|
| Materias: | |
| Etiquetas: |
Agregar Etiqueta
Sin Etiquetas, Sea el primero en etiquetar este registro!
|
| LEADER | 00960nam a22002175a 4500 | ||
|---|---|---|---|
| 001 | CEM.cems011333 | ||
| 005 | 20071214192355.0 | ||
| 008 | 130507b######################000#0#####d | ||
| 003 | CEMS | ||
| 082 | 0 | 4 | |a CD982 |
| 100 | 1 | |a Naftal, Alejandra | |
| 245 | 1 | 0 | |a Otras voces de la historia [ cd-rom] / |c Dirección de Alejandra Naftal |
| 260 | |a Buenos Aires : |b Memoria Abierta | ||
| 505 | 0 | |a Es una exhibici¢n virtual realizada con una selecci¢n de testimonios producidos durante el a¤o 2001 por el Archivo Oral de la Memoria Abierta. Incluye adem s otras fuentes documentales sobre el terrorismo de estado implementado en la Argentina durante los a¤os 1976 y 1983.- | |
| 653 | |a Historia | ||
| 653 | |a Historia argentina 1976-1983 | ||
| 653 | |a Terrorismo de estado | ||
| 653 | |a Desaparecidos-argentina | ||
| 653 | |a Genocidios | ||
| 859 | |a CEMS |b BIB. CEMS - 11 de abril |h CD982 |i N14 |p 1943.44 |t Ej.1 | ||
| 859 | |a CEMS |b BIB. CEMS - 11 de abril |h CD982 |i N14 |p 1995.44 |t Ej.2 | ||
